| 000 | 00363nam a2200121 4500 | ||
|---|---|---|---|
| 999 |
_c9938 _d9938 |
||
| 008 | 180723b ||||| |||| 00| 0 eng d | ||
| 100 |
_929345 _aAgoot, Liza |
||
| 245 |
_aTourism a bright spot despite infrastructure, peace issues/ _cLiza Agoot |
||
| 260 |
_aPhilippines _bManila Bulletin _cc2016 |
||
| 300 | _apage 10. | ||
| 650 | 0 |
_929346 _aTourism. |
|
| 942 |
_2ddc _cPER |
||